NCAA Men's Basketball High-Major Schools - Statistics

General Stats
  • This quiz has been taken 18 times
    11 since last reset
  • The average score is 72 of 79
Answer Stats
Colleges % Correct
Alabama
100%
Arkansas
100%
Auburn
100%
Boston College
100%
Colorado
100%
Connecticut
100%
Creighton
100%
Florida
100%
Florida State
100%
Georgia
100%
Illinois
100%
Indiana
100%
Iowa
100%
Iowa State
100%
Kansas
100%
Kansas State
100%
Kentucky
100%
LSU
100%
Maryland
100%
Michigan
100%
Michigan State
100%
Mississippi
100%
Missouri
100%
North Carolina
100%
Ohio State
100%
Oklahoma
100%
Oklahoma State
100%
Purdue
100%
Rutgers
100%
South Carolina
100%
St. John's
100%
Tennessee
100%
Texas
100%
Texas Tech
100%
UCLA
100%
USC
100%
Utah
100%
Vanderbilt
100%
Virginia
100%
Virginia Tech
100%
Wake Forest
100%
Washington
100%
Wisconsin
100%
Arizona
86%
Arizona State
86%
Baylor
86%
BYU
86%
California
86%
Clemson
86%
Duke
86%
Georgia Tech
86%
Houston
86%
Miami
86%
Minnesota
86%
Mississippi State
86%
Nebraska
86%
Oregon
86%
Penn State
86%
Providence
86%
Stanford
86%
Syracuse
86%
TCU
86%
Texas A&M
86%
Villanova
86%
West Virginia
86%
Xavier
86%
Butler
71%
Cincinnati
71%
DePaul
71%
Georgetown
71%
Louisville
71%
Marquette
71%
NC State
71%
Northwestern
71%
Pittsburgh
71%
UCF
71%
Notre Dame
57%
Seton Hall
57%
Southern Methodist
57%
No matching quizzes found
Score Distribution
Percent of People with Each Score
Percentile by Number Answered
Your Score History
You have not taken this quiz since the last reset